[Event "Challenge"]
[Site "http://www.queenalice.com/game.php?id=1457644"]
[Date "2017.1.3"]
[Round "-"]
[White "gigimatto"]
[Black "vangogh"]
[Result "0-1"]
[WhiteElo "1342"]
[BlackElo "1531"]

1. e4 e5 2. d4 f6 3. c3 d5 4. Bd3 dxe4 5. Bxe4 f5 6. Bc2 e4 7. f3 Nf6 8. fxe4
fxe4 9. h3 h6 10. Ne2 Nc6 11. Ng3 g5 12. Bxe4 Na5 13. Bg6+ Kd7 14. Bf5+ Ke8 15.
Qe2+ Kf7 16. Bxc8 Rxc8 17. b4 Nc6 18. Ne4 Nd5 19. Qf3+ Kg8 20. Qh5 Qe7 21. Qg6+
Bg7 22. O-O Rf8 23. Nf6+ Nxf6 24. Nd2 h5 25. Qxg5 Nh7 26. Qd5+ Rf7 27. Rxf7 Qxf7
28. Qg5 Nxg5 29. h4 Ne6 30. Ne4 Qg6 31. Ng5 Nf8 32. Bf4 Ne6 33. Nxe6 Qxe6 34.
Bxc7 Qe3+ 35. Kh2 Qxc3 36. Rf1 Bxd4 37. b5 Nb4 38. Bd6 Nxa2 39. Rf8+ Kh7 40.
Rf7+ Kg8 41. Rxb7 Qc4 42. b6 axb6 43. Rb8+ Kg7 44. Rb7+ Kf6 45. Be7+ Ke6 46. Kg3
Rg8+ 47. Bg5 Qc6 48. Re7+ Kd6 0-1

[Event "Challenge"]
[Site "http://www.queenalice.com/game.php?id=1472540"]
[Date "2017.4.8"]
[Round "-"]
[White "recchdegomm1"]
[Black "gigimatto"]
[Result "1-0"]
[WhiteElo "1301"]
[BlackElo "1334"]

1. e4 e5 2. Bc4 Nh6 3. Nf3 f6 4. d4 Bd6 5. Na3 a6 6. c3 b5 7. Bb3 Bb7 8. d5 O-O
9. c4 c6 10. Qc2 a5 11. cxb5 Bb4+ 12. Bd2 Bxa3 13. bxa3 1-0

[Event "Challenge"]
[Site "http://www.queenalice.com/game.php?id=1485435"]
[Date "2017.7.9"]
[Round "-"]
[White "paolop69"]
[Black "gigimatto"]
[Result "1-0"]
[WhiteElo "1830"]
[BlackElo "1335"]

1. e4 e5 2. Bc4 f6 3. d3 Bc5 4. c3 d6 5. Bh6 Qe7 6. Qh5+ g6 7. Qh4 Nc6 8. Be3
Be6 9. Bxe6 Qxe6 10. Bxc5 dxc5 11. Nf3 O-O-O 12. Qh3 Rd6 13. Qxe6+ Rxe6 14. Nbd2
Na5 15. O-O Ne7 16. c4 Nec6 17. a3 Nd4 18. Nxd4 exd4 19. Rae1 Kd7 20. f4 Rf8 21.
b4 cxb4 22. axb4 Nc6 23. f5 Re7 24. fxg6 hxg6 25. Rb1 f5 26. g3 Ne5 27. Rb3 Nc6
28. Rf4 Ne5 29. Nf3 Nxf3+ 30. Rxf3 b6 31. Ra3 Ra8 32. exf5 Re1+ 33. Kf2 Rae8 34.
Ra2 Rh1 35. Kg2 Ree1 36. fxg6 Rhg1+ 37. Kh3 Re7 38. Rxa7 Rge1 39. c5 1-0

[Event "Challenge"]
[Site "http://www.queenalice.com/game.php?id=1496899"]
[Date "2017.9.29"]
[Round "-"]
[White "gigimatto"]
[Black "vangogh"]
[Result "1-0"]
[WhiteElo "1333"]
[BlackElo "1626"]

1. e4 e5 2. d4 f6 3. a3 d5 4. Nc3 c6 5. Nf3 Bg4 6. Be2 h5 7. h3 Bxf3 8. Bxf3 Qa5
9. b4 Qb6 10. O-O exd4 11. Na4 Qb5 12. Nc5 Bxc5 13. bxc5 Qxc5 14. exd5 cxd5 15.
Qe2+ Ne7 16. Bxh5+ g6 17. Bxg6+ Kf8 18. Qd3 Kg7 19. Bf5 Rh5 20. g4 Rh4 21. Qg3
Rh8 22. Re1 Nbc6 23. Kg2 Qc3 24. Qxc3 dxc3 25. Be3 Rad8 26. Rab1 b6 27. f3 Na5
28. Bd3 d4 29. Bf2 Nd5 30. Bg3 Rhe8 31. Be4 Ne3+ 32. Kf2 Nec4 33. Bc7 Rc8 34.
Bf4 Nxa3 35. Rbc1 b5 36. h4 b4 37. h5 b3 38. h6+ Kf7 39. Bd5+ Kg6 40. cxb3 Red8
41. Be6 Rb8 42. Bf5+ Kf7 43. Re6 Rb6 44. Bc7 Nxb3 45. Rce1 Rxe6 46. Bxe6+ Ke7
47. Bxb3+ Kd7 48. Bxd8 Kxd8 49. h7 a5 50. h8=Q+ Kd7 51. Qxf6 Nb5 52. Qe6+ Kc7
53. Qc4+ Kb6 54. Re6+ Kb7 55. Qxb5+ Kc7 56. Qc6+ Kd8 57. Re8# 1-0

[Event "Challenge"]
[Site "http://www.queenalice.com/game.php?id=1499820"]
[Date "2017.10.21"]
[Round "-"]
[White "gigimatto"]
[Black "paolop69"]
[Result "0-1"]
[WhiteElo "1361"]
[BlackElo "1802"]

1. e4 e5 2. Nf3 d6 3. d4 Nd7 4. Nc3 c6 5. Be3 Be7 6. g3 h6 7. Bc4 Ngf6 8. O-O g5
9. h3 Nb6 10. d5 Nxc4 11. Rb1 a6 12. Qd3 Nxe3 13. fxe3 Bxh3 14. Rf2 Ng4 15. Re2
c5 16. Nh2 Nxh2 17. Rxh2 Qd7 18. Kf2 g4 19. b3 b5 20. Ne2 Rc8 21. Ng1 Bg5 22.
Qe2 f5 23. Nxh3 gxh3 24. Rxh3 f4 25. Kg2 Rf8 26. Rf1 Kd8 27. Qf3 Kc7 28. exf4
exf4 29. gxf4 Rxf4 30. Qh5 Qg4+ 31. Qxg4 Rxg4+ 32. Kh2 Rg8 33. Rg1 Bf4+ 34. Rhg3
Bxg3+ 35. Kg2 Be5+ 36. Kf2 Rf4+ 37. Ke3 Rxg1 38. c3 Rg3+ 39. Kd2 Bxc3+ 40. Ke2
Rxe4+ 41. Kf2 Be5 42. a4 Ree3 43. b4 Ra3 44. a5 Ra2+ 45. Kf1 Rc3 46. Ke1 Rc1#
0-1

[Event "cambodge"]
[Site "http://www.queenalice.com/game.php?id=1501072"]
[Date "2017.10.29"]
[Round "1"]
[White "gillou77"]
[Black "gigimatto"]
[Result "1-0"]
[WhiteElo "1225"]
[BlackElo "1359"]

1. e4 e5 2. Nc3 Ne7 3. Nf3 d5 4. exd5 Nxd5 5. Nxe5 Be6 6. d4 Bd6 7. Nxd5 Bxd5 8.
Bb5+ c6 9. Nxf7 Bxf7 10. Be3 Qa5+ 11. Bd2 Qxb5 12. Qe2+ Be6 13. a4 Qxb2 14.
Qxe6+ Be7 15. O-O Na6 16. Rfe1 Kd8 17. Qxe7+ Kc8 18. Qe6+ Kc7 19. Qe7+ Kb6 20.
Rab1 1-0

[Event "Challenge"]
[Site "http://www.queenalice.com/game.php?id=1540461"]
[Date "2018.8.28"]
[Round "-"]
[White "gigimatto"]
[Black "vangogh"]
[Result "0-1"]
[WhiteElo "1338"]
[BlackElo "1500"]

1. e4 e5 2. d3 d5 3. d4 dxe4 4. f3 exf3 5. Nxf3 e4 6. Qe2 f5 7. Ng5 Qxd4 8. Qb5+
c6 9. c3 Qf6 10. Qe2 h6 11. Nh3 Ne7 12. Nd2 Ng6 13. g3 Bd6 14. Nc4 O-O 15. Nf4
Bxf4 16. gxf4 Qh4+ 17. Qf2 Nd7 18. Qxh4 Nxh4 19. Ne5 Nxe5 20. fxe5 f4 21. Bc4+
Kh7 22. e6 f3 23. Kf2 b5 24. e7 Re8 25. Kg3 g5 26. Bb3 Rxe7 27. Rd1 e3 28. Bxe3
Rxe3 29. Rd8 Re2 30. Rg1 Rxb2 31. Bg8+ Kg6 32. Rd6+ Kf5 33. Bh7+ Ke5 34. Rxh6
Rxa2 35. Rh5 Kf6 36. Re1 f2 37. Bg8 fxe1=Q# 0-1

[Event "Challenge"]
[Site "http://www.queenalice.com/game.php?id=1541388"]
[Date "2018.9.6"]
[Round "-"]
[White "vangogh"]
[Black "gigimatto"]
[Result "1-0"]
[WhiteElo "1485"]
[BlackElo "1328"]

1. e4 e5 2. d4 Bd6 3. d5 Nf6 4. Nc3 c6 5. a3 a6 6. Bg5 h6 7. Bxf6 gxf6 8. Qg4 h5
9. Qg7 Rf8 10. h4 Qe7 11. Be2 Bc5 12. Bxh5 Bd4 13. Na4 cxd5 14. exd5 d6 15. Nf3
Ba7 16. O-O Nd7 17. Rae1 Nb6 18. Nxb6 Bxb6 19. Re4 Bf5 20. Rc4 e4 21. Nd4 Qe5
22. Ne2 Qxd5 23. Rc3 Qd2 24. Qxf6 e3 25. Qxf5 exf2+ 26. Kh2 Ke7 27. Qe4+ Kd7 28.
Qxb7+ Ke6 29. Qxb6 Qxe2 30. Bxe2 f5 31. Rxf2 1-0

[Event "Challenge"]
[Site "http://www.queenalice.com/game.php?id=1578288"]
[Date "2019.7.23"]
[Round "-"]
[White "gigimatto"]
[Black "paolop69"]
[Result "0-1"]
[WhiteElo "1328"]
[BlackElo "1697"]

1. e4 e5 2. c3 d6 3. Be2 a6 4. a4 Nf6 5. d3 h6 6. Be3 Be7 7. c4 c5 8. Nc3 g6 9.
Nd5 Nxd5 10. cxd5 Bd7 11. Nf3 g5 12. h3 f6 13. g4 Qa5+ 14. Bd2 Qc7 15. h4 Bxg4
16. h5 Nd7 17. b4 O-O 18. Be3 cxb4 19. Qb3 Qc3+ 20. Qxc3 bxc3 21. a5 c2 22. Ng1
Bxe2 23. Nxe2 Rac8 24. Rc1 Bd8 25. O-O Bxa5 26. Ng3 Bb4 27. Nf5 Kh7 28. Nxd6 Ba3
29. Nxc8 Bxc1 30. Ne7 Bxe3 31. fxe3 Nc5 32. Rc1 Re8 33. d6 Nxd3 34. Rxc2 Nb4 35.
Rc8 Rxc8 36. Nxc8 Nc6 37. Ne7 Nd8 38. d7 Kg7 39. Nf5+ Kh7 40. Kf1 a5 41. Nd6 a4
42. Nc4 Kg7 43. Nd2 Kf7 44. Nb1 b5 45. Kg2 b4 46. Nd2 b3 47. Kf1 b2 48. Nb1 Ke7
49. Ke2 Nc6 50. d8=Q+ Kxd8 51. Kd2 Na5 52. Kc2 Nc4 53. Kc3 a3 54. Kb3 g4 55.
Kxc4 a2 56. Nd2 a1=Q 57. Nb3 Qa2 58. Kc3 b1=Q 59. Nc1 Qa3+ 60. Kd2 Qab2+ 61. Kd1
Q1xc1# 0-1

[Event "Challenge"]
[Site "http://www.queenalice.com/game.php?id=1584992"]
[Date "2019.9.28"]
[Round "-"]
[White "vangogh"]
[Black "gigimatto"]
[Result "1-0"]
[WhiteElo "1400"]
[BlackElo "1318"]

1. e4 e5 2. d4 Bd6 3. d5 Nf6 4. f3 a6 5. c4 c6 6. a3 b5 7. b3 c5 8. Bg5 h6 9.
Bxf6 Qxf6 10. a4 Bc7 11. d6 Ba5+ 12. Kf2 Nc6 13. cxb5 axb5 14. axb5 Nb4 15. Ne2
c4 16. bxc4 Bb6+ 17. Ke1 Rxa1 18. Qb3 Nd3+ 19. Qxd3 Bc7 20. dxc7 O-O 21. Nc3 Ra7
22. b6 Qxb6 23. Nd5 Qe6 24. Qe3 Ba6 25. Qxa7 Bxc4 26. Bxc4 f5 27. Nb6 Kf7 28.
Bxe6+ Kxe6 29. c8=Q Rxc8 30. Nxc8 fxe4 31. fxe4 g5 32. Rf1 d5 33. Qe7# 1-0

[Event "Challenge"]
[Site "http://www.queenalice.com/game.php?id=1586040"]
[Date "2019.10.7"]
[Round "-"]
[White "vangogh"]
[Black "gigimatto"]
[Result "0-1"]
[WhiteElo "1485"]
[BlackElo "1305"]

1. e4 e5 2. d4 exd4 3. Qxd4 c5 4. Qe5+ Qe7 5. Qd5 Nc6 6. c3 Nf6 7. Qd3 Qxe4+ 8.
Qxe4+ Nxe4 9. f3 Nf6 10. g4 h6 11. Na3 d5 12. Nb5 Kd7 13. Bh3 g5 14. f4 a6 15.
Na3 b5 16. f5 b4 17. Nc2 d4 18. cxd4 cxd4 19. Nf3 Bd6 20. Bd2 Re8+ 21. Kf2 Ne4+
22. Kg2 Nxd2 23. Nxd2 Re2+ 24. Kf3 Rxd2 25. Rac1 d3 26. Na1 Rxb2 27. a4 d2 28.
Rcd1 Ra2 29. Nb3 Ne5+ 30. Ke2 Ra3 31. Nxd2 Rxh3 0-1

[Event "Challenge"]
[Site "http://www.queenalice.com/game.php?id=1587643"]
[Date "2019.10.22"]
[Round "-"]
[White "gigimatto"]
[Black "vangogh"]
[Result "0-1"]
[WhiteElo "1326"]
[BlackElo "1452"]

1. e4 e5 2. Nf3 d6 3. d4 f6 4. Nc3 Bg4 5. Bc4 a6 6. dxe5 fxe5 7. h3 Bxf3 8. Qxf3
Qf6 9. Qh5+ g6 10. Nd5 gxh5 11. Nxf6+ Nxf6 12. Bg5 Nxe4 13. Be3 Nc6 14. f3 Ng3
15. Rg1 O-O-O 16. Bg5 Re8 17. Rd1 Nb4 18. Bb3 e4 19. Kf2 h4 20. Bxh4 Nf5 21. g3
d5 22. Bxd5 Bc5+ 23. Ke2 exf3+ 24. Kxf3 Bxg1 25. Rxg1 Nxd5 26. Bg5 h6 27. Bd2
Nd4+ 28. Kg4 Nxc2 29. Kh5 Re5+ 30. Kg6 h5 31. Rc1 Nd4 32. Bc3 Re4 33. Rf1 Nxc3
34. Kg7 Rhe8 35. bxc3 Ne2 36. Rf2 Nxg3 37. Rg2 Nf5+ 38. Kg6 Nh4+ 39. Kxh5 Nxg2
40. a4 Rg8 0-1

[Event "Challenge"]
[Site "http://www.queenalice.com/game.php?id=1588835"]
[Date "2019.11.3"]
[Round "-"]
[White "paolop69"]
[Black "gigimatto"]
[Result "1-0"]
[WhiteElo "1718"]
[BlackElo "1315"]

1. e4 e5 2. Bc4 Bc5 3. Qf3 Nf6 4. d3 h6 5. h3 Nc6 6. c3 g5 7. g4 d6 8. Ne2 Be6
9. Nd2 d5 10. exd5 Bxd5 11. Bxd5 Nxd5 12. Ne4 Be7 13. a3 Na5 14. Bd2 Nb3 15. Rb1
Nxd2 16. Nxd2 Nf4 17. Nxf4 exf4 18. Qe4 Rb8 19. Nc4 c6 20. Qe5 Qxd3 21. Qxb8+
Bd8 22. Nd6+ Kd7 23. Nxf7 Qxb1+ 24. Kd2 Qxb2+ 25. Kd3 Qb5+ 26. Kd2 Qd5+ 27. Kc2
Qxf7 28. Qxb7+ Bc7 29. Rd1+ Ke6 30. Qxc6+ Ke5 31. Re1# 1-0

[Event "Challenge"]
[Site "http://www.queenalice.com/game.php?id=1591730"]
[Date "2019.11.30"]
[Round "-"]
[White "gigimatto"]
[Black "paolop69"]
[Result "0-1"]
[WhiteElo "1313"]
[BlackElo "1728"]

1. e4 e5 2. Nf3 d6 3. d4 Nd7 4. Be3 Be7 5. g3 a6 6. Bc4 h6 7. Nc3 c6 8. d5 c5 9.
a3 Nb6 10. b3 Nxc4 11. bxc4 Qa5 12. Qd3 Bg4 13. Nh4 g5 14. Nf5 Rh7 15. f3 Bxf3
16. Bxg5 Bxh1 17. Kd2 Bxg5+ 18. Ke2 Bg2 19. Nxd6+ Kf8 20. Nxb7 Qc7 21. Rb1 Bh3
22. d6 Bg4+ 23. Kf2 Qc6 24. Na5 Qd7 25. Rb7 Qe6 26. d7 Qf6+ 27. Kg2 Qf3+ 28.
Qxf3 Bxf3+ 29. Kxf3 Ne7 30. Ke2 f6 31. Nd5 Rf7 32. h4 Bc1 33. Nc7 Rc8 34. Ne6+
Kg8 35. d8=Q+ Rxd8 36. Nxd8 Rg7 37. Ndc6 Nxc6 38. Nxc6 Rxb7 39. Ne7+ Rxe7 0-1

[Event "Challenge"]
[Site "http://www.queenalice.com/game.php?id=1594172"]
[Date "2019.12.25"]
[Round "-"]
[White "gigimatto"]
[Black "vangogh"]
[Result "0-1"]
[WhiteElo "1311"]
[BlackElo "1622"]

1. e4 e5 2. Nf3 Nc6 3. c3 Nf6 4. d3 h6 5. d4 Bd6 6. Nbd2 O-O 7. Nc4 b5 8. Nxd6
cxd6 9. Bxb5 Na5 10. b4 Nb7 11. dxe5 Nxe4 12. Qd4 f5 13. exd6 Qb6 14. Bc4+ Kh7
15. Nd2 Qxd4 16. cxd4 Nbxd6 17. Bd5 Rb8 18. f3 Nc3 19. g4 Nxd5 20. h3 Re8+ 21.
Kf2 Rxb4 22. Nb3 f4 23. Ba3 Rb6 24. Nc5 Nc4 25. Ne4 Nxa3 26. g5 Rb2+ 27. Ke1
Nc2+ 0-1

[Event "Challenge"]
[Site "http://www.queenalice.com/game.php?id=1602793"]
[Date "2020.3.16"]
[Round "-"]
[White "gigimatto"]
[Black "paolop69"]
[Result "0-1"]
[WhiteElo "1305"]
[BlackElo "1661"]

1. e4 e5 2. d4 d6 3. Nf3 Nd7 4. Be3 Be7 5. c3 a6 6. d5 c6 7. b4 cxd5 8. exd5 h6
9. Nbd2 b5 10. Bd3 Bb7 11. Be4 Bf6 12. O-O Ne7 13. Nb3 Nb6 14. Na5 Bxd5 15. Nb7
Qc7 16. Bxb6 Qxb7 17. c4 Bxe4 18. Be3 Rd8 19. a4 Bxf3 20. gxf3 e4 21. f4 bxc4
22. Rb1 d5 23. b5 axb5 24. Rxb5 Qd7 25. f3 d4 26. Bd2 O-O 27. Ba5 Rb8 0-1

[Event "Challenge"]
[Site "http://www.queenalice.com/game.php?id=1610332"]
[Date "2020.5.1"]
[Round "-"]
[White "paolop69"]
[Black "gigimatto"]
[Result "0-1"]
[WhiteElo "1695"]
[BlackElo "1303"]

1. e4 e5 2. Bc4 Nh6 3. d3 c6 4. Bxh6 gxh6 5. Qf3 Qe7 6. c3 Bg7 7. Ne2 d6 8. h3
Be6 9. Nd2 b5 10. Bxe6 Qxe6 11. Qg4 O-O 12. Qxe6 fxe6 13. f3 Nd7 14. Nb3 a5 15.
a3 a4 16. Nd2 h5 17. Ng3 Nf6 18. Ne2 d5 19. O-O Rad8 20. Nc1 d4 21. Na2 c5 22.
c4 bxc4 23. Nxc4 Rb8 24. Nc1 h4 25. Rb1 Nh5 26. Ne2 Rf4 27. Nxf4 Nxf4 28. Rfd1
Ne2+ 29. Kf2 Nf4 30. Na5 Bf8 31. Nc6 Rb6 32. Nxe5 Bd6 33. Nd7 Rb3 34. Nf6+ Kg7
35. Ng4 Nxd3+ 36. Kg1 Nxb2 37. Rf1 c4 38. e5 Be7 39. Nf2 c3 40. Ne4 Nd3 41. Nd2
cxd2 42. Rxb3 axb3 43. Rd1 Bxa3 44. Rxd2 Nxe5 45. Rxd4 Bc5 0-1

[Event "Challenge"]
[Site "http://www.queenalice.com/game.php?id=1611286"]
[Date "2020.5.8"]
[Round "-"]
[White "vangogh"]
[Black "gigimatto"]
[Result "0-1"]
[WhiteElo "1669"]
[BlackElo "1363"]

1. e4 e5 2. d4 f6 3. d5 Ne7 4. c4 d6 5. Nc3 c6 6. Nf3 Bg4 7. h3 Bh5 8. g4 Bf7 9.
Be2 Ng6 10. O-O Nf4 11. Bxf4 exf4 12. Qb3 Qc7 13. a3 Nd7 14. Rfe1 Be7 15. a4 b6
16. Qd1 O-O 17. b4 Ne5 18. Qd2 g5 19. dxc6 Bd8 20. b5 Nxc4 21. Bxc4 Bxc4 22. Qd4
Be6 23. h4 Rb8 24. hxg5 Bxg4 25. Nh2 Be6 26. Ne2 fxg5 27. f3 h5 28. Red1 Be7 29.
Nc3 d5 30. exd5 Bc5 31. Qxc5 bxc5 32. dxe6 Rbe8 33. Re1 Qc8 34. Ne4 Rxe6 35.
Red1 Rd8 36. Nxc5 Rxd1+ 37. Rxd1 g4 38. Nxe6 Qxe6 39. c7 Qc8 40. Rc1 Kf8 41. a5
Ke7 42. b6 axb6 43. axb6 Kd7 44. fxg4 hxg4 45. Nxg4 Qb7 46. Nf6+ Kc8 47. Nh5
Qxb6+ 48. Kf1 Qb5+ 49. Ke1 Qxh5 50. Kf2 Qg5 51. Ke2 f3+ 52. Kf2 Qxc1 53. Kxf3
Qxc7 54. Ke4 Kd7 55. Kd4 Qc6 56. Ke5 Qd6+ 57. Ke4 Ke6 58. Ke3 Qd5 59. Kf4 Qe5+
60. Kf3 Kf5 61. Kf2 Qe4 62. Kg3 Qf4+ 63. Kg2 Kg4 64. Kg1 Kg3 65. Kh1 Qf1# 0-1

[Event "Challenge"]
[Site "http://www.queenalice.com/game.php?id=1612141"]
[Date "2020.5.14"]
[Round "-"]
[White "gigimatto"]
[Black "paolop69"]
[Result "1-0"]
[WhiteElo "1333"]
[BlackElo "1703"]

1. e4 e5 2. Nf3 d6 3. Nc3 c6 4. Bd3 h6 5. O-O Be7 6. Bc4 Bf6 7. d4 Bg4 8. Be3 g5
9. h3 Bh5 10. g4 Bg6 11. dxe5 dxe5 12. Qxd8+ Kxd8 13. Rad1+ Kc7 14. Na4 b5 15.
Bxb5 cxb5 16. Nc5 Be7 17. Nxe5 Bxc5 18. Bxc5 Bxe4 19. Bd6+ Kb6 20. b4 Bf3 21.
Nxf3 f6 22. Ra1 Nc6 23. Bc5+ Kb7 24. a4 a6 25. a5 Ne5 26. Nxe5 fxe5 27. f3 Nf6
28. Rad1 Rad8 29. Rxd8 Rxd8 30. Be7 Rd2 31. Bxf6 Rxc2 32. Bxe5 Rc4 33. Bg7 Rxb4
34. Bxh6 Ra4 35. Bxg5 b4 36. Bf6 Rxa5 37. Ra1 Rd5 38. Be7 a5 39. h4 Ka6 40. h5
Kb5 41. h6 Rd7 42. h7 1-0

[Event "Challenge"]
[Site "http://www.queenalice.com/game.php?id=1613959"]
[Date "2020.5.26"]
[Round "-"]
[White "paolop69"]
[Black "gigimatto"]
[Result "1-0"]
[WhiteElo "1661"]
[BlackElo "1391"]

1. e4 d6 2. Bb5+ c6 3. Be2 e5 4. d3 d5 5. Nd2 Nf6 6. h3 Na6 7. c3 Bc5 8. Ngf3 d4
9. Nxe5 O-O 10. c4 Re8 11. Ng4 Qd7 12. Nxf6+ gxf6 13. Bg4 Qc7 14. Bxc8 Qxc8 15.
Qg4+ Kf8 16. Qxc8 Raxc8 17. a3 Bd6 18. Nf3 Nc5 19. Bh6+ Kg8 20. Ke2 f5 21. Nxd4
fxe4 22. Nf5 exd3+ 23. Kd1 Re6 24. Re1 Rd8 25. Rxe6 fxe6 26. Bg5 Rd7 27. Nxd6
Rxd6 28. Be7 Nb3 29. Bxd6 Nxa1 30. Kd2 Nb3+ 31. Kd1 Na5 32. Kd2 Nxc4+ 33. Kxd3
Nxb2+ 34. Kc2 Nc4 35. Bc5 b6 36. Kc3 bxc5 37. Kxc4 Kf7 38. Kxc5 Kf6 39. Kxc6 h5
40. a4 e5 41. a5 Ke7 42. Kb7 h4 43. Kxa7 e4 44. Kb7 Ke6 45. a6 Ke5 46. a7 Kf4
47. a8=Q e3 48. Qf8+ Ke4 49. Qf3+ Ke5 50. Qxe3+ Kd6 51. Qg5 Kd7 52. Qf6 Ke8 53.
Qg7 Kd8 54. Kc6 Ke8 55. Kd6 Kd8 56. Qf8# 1-0

[Event "Challenge"]
[Site "http://www.queenalice.com/game.php?id=1618302"]
[Date "2020.6.27"]
[Round "-"]
[White "gigimatto"]
[Black "paolop69"]
[Result "1-0"]
[WhiteElo "1386"]
[BlackElo "1621"]

1. e4 e5 2. Nf3 d6 3. d4 Nd7 4. Nc3 c6 5. Bd2 h6 6. d5 c5 7. Bd3 Be7 8. O-O a6
9. Ne2 Bf6 10. Ng3 g6 11. b4 g5 12. Nh5 Qe7 13. c3 b5 14. Be3 c4 15. Be2 Qd8 16.
g3 Nb6 17. Qd2 Bg4 18. Ne1 Bh3 19. Ng2 Nd7 20. f4 g4 21. Ng7+ Bxg7 22. fxe5 Bxe5
23. Rf2 Bxg2 24. Kxg2 f6 25. Bxg4 h5 26. Bh3 Nh6 27. Bxh6 Qe7 28. Be3 Qg7 29.
Rg1 h4 30. g4 Nf8 31. Kf1 Ng6 32. g5 Rf8 33. Bf5 Bxh2 34. gxf6 Rxf6 35. Bxg6+
Rxg6 36. Rxh2 Rxg1+ 37. Bxg1 Qg3 38. Qe3 Kd7 39. Qxg3 hxg3 40. Rh7+ Kc8 41. Rh8+
Kb7 42. Rxa8 Kxa8 43. Kg2 Kb7 44. Kxg3 Kc7 45. Bd4 Kd7 46. Bf6 Ke8 47. Bg5 Kf7
48. Bd8 Ke8 49. Bc7 Kd7 50. Bb8 Ke7 51. Kf4 1-0